[Event "IBCA Wch blind 14th"]
[Site "Cagliari"]
[Date "2019.04.14"]
[Round "9"]
[White "Bindzus, Ernst"]
[Black "Donmez, Unal"]
[Result "0-1"]
[WhiteElo "1985"]
[BlackElo "1887"]
[PlyCount "82"]
[EventDate "2019.04.06"]
[EventType "swiss"]
[EventRounds "9"]
[EventCountry "ITA"]
[SourceTitle "CBM 189 Extra"]
[Source "ChessBase"]
[SourceDate "2019.06.03"]
[SourceVersion "1"]
[SourceVersionDate "2019.06.03"]
[SourceQuality "1"]

1. e4 e5 2. Nf3 Nc6 3. Bc4 Bc5 4. b4 Bxb4 5. c3 Ba5 6. d4 exd4 7. 0-0 d3 8. Qb3 Qf6 9. e5 Qg6 10. Rd1 Nge7 11. Bxd3 Qh5 12. Nbd2 0-0 13. Ba3 Re8 14. Nc4 Bb6 15. Re1 Ng6 16. Qc2 Nf4 17. Bc1 Nxd3 18. Qxd3 d5 19. exd6 Rxe1+ 20. Nxe1 Bf5 21. Qf3 Re8 22. Bf4 Bg4 23. Qg3 Bd1 24. Nd3 Bc2 25. Nxb6 cxb6 26. Ne1 Bf5 27. Nf3 h6 28. h3 Bd7 29. Kh2 Kf8 30. Re1 Rxe1 31. Nxe1 Qe2 32. Nf3 Qxa2 33. Qh4 Qe6 34. Ng5 Qg6 35. Nf3 f6 36. Bg3 Qd3 37. c4 a5 38. Qf4 a4 39. Bh4 Qc3 40. Qe4 a3 41. Bg3 a2 0-1

[Event "IBCA Wch blind 14th"]
[Site "Cagliari"]
[Date "2019.04.06"]
[Round "1"]
[White "Atterberg, David"]
[Black "Bindzus, Ernst"]
[Result "0-1"]
[WhiteElo "1109"]
[BlackElo "1985"]
[PlyCount "44"]
[EventDate "2019.04.06"]
[EventType "swiss"]
[EventRounds "9"]
[EventCountry "ITA"]
[SourceTitle "CBM 189 Extra"]
[Source "ChessBase"]
[SourceDate "2019.06.03"]
[SourceVersion "1"]
[SourceVersionDate "2019.06.03"]
[SourceQuality "1"]

1. d4 f5 2. Nf3 Nf6 3. e3 e6 4. Nbd2 d5 5. Bd3 Bd6 6. 0-0 0-0 7. b3 Nbd7 8. Bb2 c6 9. Qe2 Qc7 10. h3 Ne4 11. c4 Qd8 12. Ne5 Nxd2 13. Qxd2 Nf6 14. f4 Bd7 15. Rf3 Be8 16. g4 Ne4 17. Qg2 Kh8 18. Kh2 Bxe5 19. fxe5 Bg6 20. Rg1 fxg4 21. Rxf8+ Qxf8 22. Qxg4 Nf2 0-1

[Event "IBCA EU-ch blind 06th"]
[Site "Lyon"]
[Date "2015.07.29"]
[Round "5"]
[White "Drazetic, Novica"]
[Black "Bindzus, Ernst"]
[Result "0-1"]
[WhiteElo "1613"]
[BlackElo "1890"]
[PlyCount "64"]
[EventDate "2015.07.25"]
[EventType "swiss"]
[EventRounds "9"]
[EventCountry "FRA"]
[SourceTitle "CBM 167 Extra"]
[Source "ChessBase"]
[SourceDate "2015.09.14"]
[SourceVersion "1"]
[SourceVersionDate "2015.09.14"]
[SourceQuality "1"]

1. e4 c5 2. c3 g6 3. d4 cxd4 4. cxd4 d5 5. e5 Bg7 6. h3 Nc6 7. Nc3 Nh6 8. g4 0-0 9. Bg2 Be6 10. Be3 f6 11. f4 Qc7 12. Nf3 Rad8 13. 0-0 Nf7 14. Ne2 h5 15. gxh5 gxh5 16. Kh2 Nh6 17. Nh4 Kf7 18. Ng3 Bg4 19. Qd3 f5 20. hxg4 Nxg4+ 21. Kg1 e6 22. Bf3 Qe7 23. Nhxf5 exf5 24. Qxf5+ Kg8 25. Qxh5 Nxe3 26. Rf2 Nxd4 27. Rh2 Nxf3+ 28. Qxf3 Qxe5 29. Nh5 Rd7 30. Kf2 Qxb2+ 31. Kxe3 Re8+ 32. Kd3 Qc3# 0-1

[Event "IBCA EU-ch blind 06th"]
[Site "Lyon"]
[Date "2015.07.25"]
[Round "1"]
[White "Babarykin, Stanislav"]
[Black "Bindzus, Ernst"]
[Result "1-0"]
[WhiteElo "2357"]
[BlackElo "1890"]
[PlyCount "57"]
[EventDate "2015.07.25"]
[EventType "swiss"]
[EventRounds "9"]
[EventCountry "FRA"]
[SourceTitle "CBM 167 Extra"]
[Source "ChessBase"]
[SourceDate "2015.09.14"]
[SourceVersion "1"]
[SourceVersionDate "2015.09.14"]
[SourceQuality "1"]

1. d4 f5 2. Nc3 Nf6 3. Bg5 d5 4. f3 e6 5. e4 Be7 6. exf5 exf5 7. Bd3 Nc6 8. Nge2 Nb4 9. Nf4 c6 10. Be2 b5 11. a4 bxa4 12. Nxa4 a5 13. c3 Na6 14. Nd3 0-0 15. 0-0 Nd7 16. Bxe7 Qxe7 17. Qd2 f4 18. g3 Qg5 19. Nxf4 Nf6 20. Nb6 Nh5 21. Nxa8 Rxf4 22. Rf2 Bh3 23. Bf1 Nxg3 24. hxg3 Qxg3+ 25. Bg2 Nb8 26. Re1 Nd7 27. Nc7 Nf6 28. Ne6 Rh4 29. Qg5 1-0

[Event "IBCA Wch blind 13th"]
[Site "Katerini"]
[Date "2014.05.11"]
[Round "6"]
[White "Ellinger, Peter"]
[Black "Bindzus, Ernst"]
[Result "0-1"]
[WhiteElo "2012"]
[BlackElo "1896"]
[PlyCount "42"]
[EventDate "2014.05.05"]
[EventType "swiss"]
[EventRounds "9"]
[EventCountry "GRE"]
[SourceTitle "CBM 160 Extra"]
[Source "ChessBase"]
[SourceDate "2014.07.01"]
[SourceVersion "1"]
[SourceVersionDate "2014.07.01"]
[SourceQuality "1"]

1. e4 c5 2. Nf3 d6 3. d4 cxd4 4. Nxd4 Nf6 5. Nc3 a6 6. Be3 e5 7. Nb3 Be6 8. Be2 Be7 9. 0-0 0-0 10. f4 exf4 11. Bxf4 Nc6 12. Qe1 Ne5 13. Qg3 Nfd7 14. Rad1 Re8 15. Nd4 Bh4 16. Qe3 Be7 17. Bxe5 dxe5 18. Nxe6 fxe6 19. Kh1 Bc5 20. Qh3 Qe7 21. Bc4 Nf6 0-1

[Event "IBCA Wch blind 13th"]
[Site "Katerini"]
[Date "2014.05.09"]
[Round "5"]
[White "Bindzus, Ernst"]
[Black "Engl, Heinz"]
[Result "1/2-1/2"]
[WhiteElo "1896"]
[BlackElo "2053"]
[PlyCount "25"]
[EventDate "2014.05.05"]
[EventType "swiss"]
[EventRounds "9"]
[EventCountry "GRE"]
[SourceTitle "CBM 160 Extra"]
[Source "ChessBase"]
[SourceDate "2014.07.01"]
[SourceVersion "1"]
[SourceVersionDate "2014.07.01"]
[SourceQuality "1"]

1. e4 c5 2. Nc3 Nc6 3. Bb5 Nd4 4. Bc4 e6 5. Nge2 a6 6. a4 Ne7 7. Nxd4 cxd4 8. Ne2 Nc6 9. d3 Be7 10. 0-0 0-0 11. f4 d5 12. exd5 exd5 13. Bb3 1/2-1/2